Normal view MARC view
  • Dutton T Ed

Entry Personal Name

Number of records used in: 1

001 - CONTROL NUMBER

  • control field: 25195

003 - CONTROL NUMBER IDENTIFIER

  • control field: OSt

005 - DATE AND TIME OF LATEST TRANSACTION

  • control field: 20220803172520.0

008 - FIXED-LENGTH DATA ELEMENTS

  • fixed length control field: 220803|| aca||aabn | a|a d

040 ## - CATALOGING SOURCE

  • Original cataloging agency: OSt
  • Transcribing agency: OSt

100 ## - HEADING--PERSONAL NAME

  • Personal name: Dutton T Ed

670 ## - SOURCE DATA FOUND

  • Source citation: Work cat.: (OSt)16035: Dutton T Ed., Voices In Architectural Education, 1991